| 000 | 00976nam a22002537i 4500 | ||
|---|---|---|---|
| 999 |
_c22717 _d22717 |
||
| 003 | AR-CdUCM | ||
| 008 | 231016b20212021pe ||||| |||| 00| 0 spa d | ||
| 020 | _a978-612-48745-0-5 | ||
| 040 |
_aMUNICIPALIDAD PROVINCIAL DEL CUSCO _cBIBLIOTECA MUNICIPAL DEL CUSCO |
||
| 041 | _hspa | ||
| 082 |
_a985.04 / P49C _bP49C |
||
| 100 |
_aDe la Pezuela, Joaquín _948946 |
||
| 245 | _aCompendio de los sucesos ocurridos en el Ejército del Perú y sus provincias (1813-1816) / | ||
| 260 |
_aLima : _bMinisterio de Cultura, Proyecto Especial Bicentenario de la Independencia del Perú, _c2021. |
||
| 300 |
_a200 páginas. : _c20 cm. |
||
| 505 | _aLecturas de la independencia -- El diario de campaña de un general realista -- Primera y segunda parte | ||
| 650 |
_aIndependencia _9625 |
||
| 650 |
_aRealista _949234 |
||
| 650 |
_aGeneral _919107 |
||
| 650 |
_aDiario de campaña _949235 |
||
| 856 | _fwww.bicentenario.gob.pe | ||
| 942 |
_2ddc _cLIBROS |
||
| 945 |
_apebm _d2023-10-16 |
||